000 00299nam a22001337a 4500
008 170921b xxu||||| |||| 00| 0 eng d
020 _a9780312386788
041 _aeng
080 _22ND
_a78
100 _a45
101 _aMUZ
245 _aPOEMS A PORTABLE ANTHOLOGY
_cSCHAKEL,P
942 _2udc
_cBK
999 _c28876
_d28876